| 000 | 004930000a22001930004500 | ||
|---|---|---|---|
| 003 | LK-CoMWRAF | ||
| 005 | 20240503144621.0 | ||
| 008 | 230817t1989 ||||| |||| 00| 0 eng d | ||
| 040 |
_aLK-CoMWRAF _dLK-CoMWRAF _eLK-CoMWRAF |
||
| 041 | _aeng | ||
| 082 |
_a340.59 _bZAR |
||
| 100 | _aZarook, A.R.M. | ||
| 245 | _aMuslim marriage settlement | ||
| 260 |
_b[Colombo]: _a[Author?], _c1989 |
||
| 300 | _a56 p. | ||
| 490 |
_aMuslim Personal Law _v1 |
||
| 650 | _aMUSLIM MARRIAGE LAW | ||
| 942 | _cBK | ||
| 999 |
_c1608 _d1608 |
||